000 00717nam a2200217 a 4500
001 BRCA_8054
005 20190320210118.0
008 310314s1966----mx-o###f##---#000-0#spa-#
041 _aspa
044 _amx
050 4 _aF1379
_b.V83 1966
245 1 0 _aVisita del Presidente Heinrich Lübke de la República Federal de Alemania
_cGobierno de la República.
260 _aMéxico
_bDirección General de Difusión y Relaciones Públicas
_c1966
300 _a63 p.
_bil., 63 fotos
_c25 cm.
440 0 _aSerie Amistad México
_920012
500 _aY55
650 1 4 _aPolítica internacional
_zMéxico
_920013
650 1 4 _aProtocolo diplomático
_vVisitas de Estado
_zMéxico
_920014
902 _aGFM
942 _2lcc
_cB
999 _c7722
_d7722